000 00695nam a2200217 a 4500
999 _c795
_d795
003 BD-JhCC
005 20171010093402.0
008 171010s2007 bg a|||| ||a| 000 0 ben d
020 _a9847013303527
035 _a(BD-JhCC)
040 _aBD-JhCC
_dBD-JhCC
041 _aben
082 _a500
_bIKB 2007
100 _aইকবাল, মুহম্মদ জাফর /
245 _aএকটু খানি বিজ্ঞান /
_cমুুহম্মদ জাফর ইকবাল
260 _aঢাকা :
_bকাকলি প্রকাশনী,
_c২০০৭.
300 _a176 p. :
_bill. ;
_c24 cm.
650 _aScience
_zBangladesh
942 _2ddc
_cBK